000 01566nam a2200421 i 4500
001 15268
003 KOSZ 005
005 20210806093730.0
008 200626s1972 pl a f 000 0 ros d
040 _aKOSZ 005
_cKOSZ 005/RW
_dKOSZ 005/HR
046 _k1972
080 _a811.161.1
080 _a(075.8)
245 1 0 _aJęzyk rosyjski dla lektoratów Wydziału Budownictwa i Architektury.
_nCz. 2 /
_copracowała Antonina Reben ; Politechnika Szczecińska.
260 _aSzczecin :
_bWydawnictwo Uczelniane Politechniki Szczecińskiej,
_c1972.
300 _a191 stron :
_bilustracje ;
_c24 cm.
336 _aTekst
_btxt
_2rdacontent
337 _aBez urządzenia pośredniczącego
_bn
_2rdamedia
338 _aWolumin
_bnc
_2rdacarrier
380 _aKsiążki
380 _aPublikacje dydaktyczne
385 _mPoziom nauczania
_aSzkoły wyższe
388 _a1901-2000
388 _a1945-1989
504 _aBibliografia na stronach [190]-191.
546 _aTekst w języku rosyjskim.
650 7 _aJęzyk rosyjski
650 7 _aTerminologia
650 7 _aBudownictwo
655 7 _aPodręczniki akademickie
658 _aJęzykoznawstwo
658 _aArchitektura i budownictwo
700 1 _aReben, Antonina
_eOpracowanie
710 2 _aPolitechnika Szczecińska
710 2 _aWydawnictwo Uczelniane Politechniki Szczecińskiej
_4pbl
856 _uhttp://koha.tu.koszalin.pl/cgi-bin/koha/opac-detail.pl?biblionumber=15268
_yKatalog online BPK
942 _2UKD
_cKS
999 _c15268
_d15268